Mahan shikshabidsakal aru shakshik chintadharasamuh/ (Record no. 11081)

MARC details
000 -LEADER
fixed length control field 00764nam a22002657a 4500
005 - DATE AND TIME OF LATEST TRANSACTION
control field 20211117123006.0
008 - FIXED-LENGTH DATA ELEMENTS--GENERAL INFORMATION
fixed length control field 201125b ||||| |||| 00| 0 eng d
020 ## - INTERNATIONAL STANDARD BOOK NUMBER
International Standard Book Number 9789389865325
040 ## - CATALOGING SOURCE
Original cataloging agency IN-DiNC
Transcribing agency IN-DiNC
041 ## - LANGUAGE CODE
Language code of sung or spoken text Assamese
082 ## - DEWEY DECIMAL CLASSIFICATION NUMBER
Classification number 370.92
Item number MAH
245 ## - TITLE STATEMENT
Title Mahan shikshabidsakal aru shakshik chintadharasamuh/
Statement of responsibility, etc. by Nabanita Deka and others
250 ## - EDITION STATEMENT
Edition statement 1st ed.
260 ## - PUBLICATION, DISTRIBUTION, ETC.
Place of publication, distribution, etc. Dibrugarh:
Name of publisher, distributor, etc. Banalata,
Date of publication, distribution, etc. 2020
300 ## - PHYSICAL DESCRIPTION
Extent 324p.
650 ## - SUBJECT ADDED ENTRY--TOPICAL TERM
Topical term or geographic name entry element Education
650 ## - SUBJECT ADDED ENTRY--TOPICAL TERM
Topical term or geographic name entry element Great educators
650 ## - SUBJECT ADDED ENTRY--TOPICAL TERM
Topical term or geographic name entry element Educational thought
700 ## - ADDED ENTRY--PERSONAL NAME
Personal name Deka, Nabanita
Relator term Author
700 ## - ADDED ENTRY--PERSONAL NAME
Personal name Barua, Mamoni Gogoi
Relator term Author
700 ## - ADDED ENTRY--PERSONAL NAME
Personal name Tamuly, Purnima
Relator term Author
700 ## - ADDED ENTRY--PERSONAL NAME
Personal name Barua, Mamoni
Relator term Author
700 ## - ADDED ENTRY--PERSONAL NAME
Personal name Buragohain, Purbamanjuri
Relator term Author
942 ## - ADDED ENTRY ELEMENTS (KOHA)
Source of classification or shelving scheme Dewey Decimal Classification
Koha item type Books
Holdings
Withdrawn status Lost status Source of classification or shelving scheme Damaged status Not for loan Collection code Home library Current library Shelving location Date acquired Cost, normal purchase price Total Checkouts Full call number Barcode Date due Date last seen Date last checked out Copy number Price effective from Koha item type
    Dewey Decimal Classification     Education Central Library, Naharkatiya College Central Library, Naharkatiya College General Stacks 25/11/2020 300.00 9 370.92 MAH 28504 04/07/2023 19/06/2023 19/06/2023 1 25/11/2020 Books
    Dewey Decimal Classification     Education Central Library, Naharkatiya College Central Library, Naharkatiya College General Stacks 25/11/2020 300.00 18 370.92 MAH 28505   17/08/2023 09/08/2023 2 25/11/2020 Books
    Dewey Decimal Classification     Education Central Library, Naharkatiya College Central Library, Naharkatiya College General Stacks 25/11/2020 300.00 29 370.92 MAH 28506   15/12/2023 05/12/2023 3 25/11/2020 Books

Naharkatiya College © 2020. All rights reserved.

Powered By